Análisis y rediseño de los metodos de operación de companía Farmex, S.A

Збережено в:
Бібліографічні деталі
Автор: Castillo R, Roberto
Формат: Книга
Опубліковано: San José, Costa Rica 1988
Предмети:
Теги: Додати тег
Немає тегів, Будьте першим, хто поставить тег для цього запису!

MARC

LEADER 00000nam a2200000Ia 4500
003 007250
005 20221231144310.0
008 140114s1988 cr a m 000 ||s d
040 |c cru CEDI 
090 |a TFG 2985 
100 |a Castillo R, Roberto  |9 11764 
245 |a Análisis y rediseño de los metodos de operación de companía Farmex, S.A 
260 |c 1988  |a San José, Costa Rica 
300 |a 91 hojas : ilustraciones (algunas plegables) ; 28 cm  
500 |a Investigación Dirigida (licenciatura en ingeniería industrial)--Universidad de Costa Rica. Facultad de Ingeniería. Escuela de Ingeniería Industrial 
650 |x COMPAÑIA FARMEX (COSTA RICA)   |x ADMINISTRACION  |9 11765 
942 |c TFG 
999 |c 19787  |d 19787